The endearment

Bibliographic Details
Main Author: SPENCER, LaVyrle
Format: Book
Published: New York : Severn House Publishers , 1991

MARC

LEADER 00000cam a2200000 7i4500
001 0000000658
002 000000753
005 20000330.0
020 |a 0727842412 
090 0 0 |a F   |b SPE 
100 1 |a SPENCER, LaVyrle 
245 1 4 |a The endearment   |c LaVyrle Spencer 
260 |a New York :   |b Severn House Publishers ,   |c 1991 
300 |a 307 p. ;   |c 22 cm. 
999 |a 030478   |b BUKU   |c FICTION   |e PERPUSTAKAAN KOMUNITI PETALING JAYA